000 00262nam a2200121Ia 4500
008 231106s2021 xx 000 0 und d
041 _aeng
082 _a701.82
100 _aMATTHEW BREHM
245 _aMACKE
260 _bSEARCH PRESS
_c2021
300 _aP-144
999 _c920132
_d920132